| 000 | 01099nam a2200325Ia 4500 | ||
|---|---|---|---|
| 001 | Z_5045 | ||
| 003 | CHAP | ||
| 008 | 220113s2004 xx 000 0 und d | ||
| 010 | _a168101 | ||
| 040 | _cCHAP | ||
| 090 | _aTesis D 1777 | ||
| 100 |
_aDonato Ramírez, José Antonio _933953 |
||
| 245 |
_aConcentración mineral en el sistema suelo-forraje-bovino, en la costa chica de Guerrero y Oaxaca / _cpor José Antonio Donato Ramírez y Liliana Pérez Domínguez |
||
| 260 |
_aChapingo, Méx. : _bEl autor, _c2004 |
||
| 300 | _a61 h. | ||
| 502 | _aTesis (Ing. Agr. Esp. en Zootecnia) -- UACH. Departamento de Zootecnia | ||
| 650 |
_aAlimentos y alimentación del ganado _94326 |
||
| 650 |
_aAnimales _xElementos minerales _95861 |
||
| 650 |
_aForrajes _xValor nutritivo _942601 |
||
| 650 |
_aGanado vacuno _xGuerrero _945472 |
||
| 650 |
_aGanado vacuno _xOaxaca _945499 |
||
| 650 |
_aMinerales en nutrición animal _975937 |
||
| 700 |
_aPérez Domínguez, Liliana _989623 |
||
| 901 | _aTESIS D 1777 | ||
| 902 | _aM | ||
| 910 | _a2004 | ||
| 942 | _c2 | ||
| 942 | _c2 | ||
| 999 |
_c168101 _d168101 |
||